000 00972nam a2200265Ia 4500
003 OSt
005 20221005111459.0
006 a|||||r|||| 00| 0
007 ta
008 221004b |||||||| |||| 00| 0 hin d
020 _a8126005114
024 _a29073
037 _cTextual
040 _aCRL
_cCRL
_bhin
041 _2hin
_ahin
082 _aP:795, 152N8
100 _aरेड्डी, रा. रामचन्द्र
_9624184
245 0 _aअनुवाद के सिद्धाान्त
_b समस्याएॅं और समाधान
246 _aAnuvād ke siddhāānta: samasyāeॅan aur samādhāna
260 _aनई दिल्ली
_bसाहित्य अकादमी भारत
_c1998
300 _a180पृ0
_ccm.
650 _aहिन्दी भाषा
942 _hP:795, 152N8
_cTEXL
_2cc
999 _c1021968
_d1021968